000 00665nam a2200181Ia 4500
008 090124s9999 xx 000 0 und d
082 _b6286
_a738
100 _aसर.मो.विश्वेश्वर अय्या
245 _a उद्योगांतून उत्कर्ष
250 _a1
260 _c1942
300 _a65
600 _aसर.मो.विश्वेश्वर अय्या
630 _a उद्योगांतून उत्कर्ष
700 _aसर.मो.विश्वेश्वर अय्या
730 _a उद्योगांतून उत्कर्ष
942 _cBOOK
999 _c120227
_d120227